LDR 00652naa#a2200169#i#450# 001 EN\\bibl\118692 005 20260514234345.4 011 ## _a1994-4683 100 ## _a20230428b2023####ek#y0engy0150####ca 102 ## _aRU 200 1# _aINTEGRATED APPROACH IN THE DEVELOPMENT OF SPEECH BREATHING IN CHILDREN WITH SEVERE SPEECH DISORDERS _eJournal article 210 1# _aMoscow _cNational State University of Physical Education, Sports and Health named after P.F. Lesgaft _d2023 215 ## _a6 с. 608 ## _aJournal article _2local 675 ## _aс дефектами речи, с заиканием. 376.37 _z 700 #1 _aZakhodyakina _gK YU 856 4# _auchzapiski.lesgaft.spb.ru _u